00496nam a2200169Ia 4500003000900000008004100009040001600050080001300066100002200079245005800101260003400159300001200193490004600205650004100251650001100292650002300303IN-BaIIA211028s9999 xx 000 0 eng d cIIA Library a535bONE aOneill, Edward L. 0aIntroduction to statistical opticscOneill, Edward L. aReadingbAddison-Wesleyc1963 ax, 179p aAddison-Wesley series in advanced physics aAstronomy and Astrophysics Thesaurus aOptics aStatistical Optics